Joint ventures in Europe
Αποθηκεύτηκε σε:
| Άλλοι συγγραφείς: | , |
|---|---|
| Μορφή: | Βιβλίο |
| Γλώσσα: | English |
| Δημοσίευση: |
London :
Butterworths,
c1997
|
| Έκδοση: | 2nd ed. |
| Θέματα: | |
| Ετικέτες: |
Προσθήκη ετικέτας
Δεν υπάρχουν, Καταχωρήστε ετικέτα πρώτοι!
|
MARC
| LEADER | 00000nam a2200000 i 4500 | ||
|---|---|---|---|
| 001 | 1/64608 | ||
| 008 | 980807s19911997 eng d | ||
| 020 | |a 0406053383 | ||
| 035 | |l 10029456 | ||
| 040 | |a GR-MY-UA |b gre |e aacr | ||
| 041 | 0 | |a eng | |
| 082 | 0 | |a 346.40682 | |
| 245 | 1 | 0 | |a Joint ventures in Europe / |c edited by:Julian Elison, Kling Edward |
| 250 | |a 2nd ed. | ||
| 260 | |a London : |b Butterworths, |c c1997 | ||
| 300 | |a ix, 376 σ. | ||
| 500 | |a A collaborative study of law and practice prepared by the law firms Advokatfirman Vinge KB...[et.al.] | ||
| 650 | 0 | 0 | |a Joint ventures |x Law and legislation |z European Economic Community Countries. |
| 700 | 1 | |a Ellison, Julian. |4 edt | |
| 700 | 1 | |a Kling, Edward. |4 edt | |
| 852 | |a INST |b CHIOS |e 19980807 |h 346.40682 JOI |p 005200015916 |q 005200015916 |t BK |y 0 | ||
| 901 | |a BIBL-1998-2 | ||
| 909 | |a Χ |b 058337 | ||
| 922 | |a 2ΕΛΗ |b 199807 |c ΤΔΕ |d ΠΑΠΑΣΩΤΗΡΙΟΥ | ||